000 01058nam a2200277 i 4500
003 DO-SdBNP
005 20250203131435.0
007 ta
008 250108b2024 dr ||||| |||| 00| 0 spa d
020 _a9789945651416
040 _aDO-SdBNP
_bspa
_cBNPHU
_erda
082 4 _axxxx
_bM671p
_222
100 1 _a Mirabal, Minerva,
_d1926-1960
_eautor
_4aut.
_9919
245 1 3 _aEl principio de la irretroactividad de las leyes y la jurisprudencia dominicana :
_btesis de grado presentada en la Universidad de Santo domingo en 1957 /
_cMinerva Mirabal ; corrección, Eduardo Díaz Guerra
250 _aSegunda edición
264 4 _aSanto Domingo :
_bEditor Tribunal Constitucional de la República Dominicana,
_c2024.
300 _a71 páginas ;
_c22 cm.
336 _atexto
_btxt
_2rdacontent
337 _asin mediación
_bn
_2rdamedia
338 _avolumen
_bnc
_2rdacarrier
490 _aClásicos de derecho constitucional
590 _aInventariado, 2024/BT
700 1 _aDíaz Guerra, Eduardo,
_ecorrector
_96661
910 _aBtavárez
942 _2ddc
_cLBS1
999 _c57999
_d57999